000 01476nam a2200397 i 4500
001 196969
003 ES-MaACL
005 20250819063115.0
008 250228s2009 sp a | |||| 000 0 spa
015 _aMON09
017 _aM 6816-2010
_bOficina Depósito Legal Madrid
020 _a9788498772579
035 _a(OCoLC)733844758
035 _a(SpMaBN)a4663540
040 _aSpMaBN
_bspa
_cSpMaBN
_erdc
080 _a232.964
100 1 _aBaima Bolone, Pierluigi
_9239701
_eaut
240 1 3 _aIl misterio della sindone
_lEspañol
245 1 3 _aEl misterio de la Sábana Santa /
_cPierluigi Baima Bollone ; [traducción, M.P.V.].
250 _aSegunda edición: febrero 2010
260 _aSevilla :
_bAlgaida,
_c2009.
300 _a343 páginas :
_bilustrado a color y blanco y negro ;
_c26 cm.
336 _2rdacontent
_atexto
337 _2rdamedia
_asin mediación
338 _2rdacarrier
_avolumen
504 _aBibliografía: páginas 337-343
594 _aTítulo original: Il misterio della sindone
650 4 _aSanto Sudario
_2embne
_916986
852 _aES-MaACL
_cDEPOJ
_jN-10447
_hDonación: José Lázaro García
_xEncuadernación cartoné
_9206570
903 _9234219
_aLázaro García, José
_ednr
942 _cMONOGRAFIA
_n0
999 _c196969
_d196969